| 000 | 01283 a2200277 4500 | ||
|---|---|---|---|
| 003 | OSt | ||
| 005 | 20180116192401.0 | ||
| 008 | 120702t xxu||||| |||| 00| 0 eng d | ||
| 010 | _a 2008273394 | ||
| 020 | _a0714846325 | ||
| 020 | _a9780714846323 | ||
| 040 | _c0 | ||
| 082 | _a709 | ||
| 100 | 1 |
_aGombrich, E. H. _95020 |
|
| 245 | 1 | 4 |
_aThe preference for the primitive : _bepisodes in the history of Western taste and art / _cE.H. Gombrich. |
| 260 |
_aLondon ; _aNew York, NY : _bPhaidon Press, _c2006. |
||
| 300 |
_a324 p. : _bill. ; _c25 cm. |
||
| 500 | _aOriginally published: 2002. | ||
| 505 | 0 | _aPlato's preferences -- Interlude : progress or decline? -- The ascendancy of the sublime -- The pre-Raphaelite ideal -- The quest for spirituality -- The emancipation of formal values -- Interlude : new worlds and new myths -- The twentieth century: The lure of regression (1) ; The lure of regression (2) -- Primitive, in what sense? -- The study of antiquities. | |
| 650 | 1 | 0 |
_aArt _xThemes, motives. _95021 |
| 650 | 1 | 0 |
_aAesthetics. _95022 |
| 650 | 1 | 0 |
_aPrimitivism in art. _95023 |
| 856 | 4 | 1 |
_3Table of contents _uhttp://www.loc.gov/catdir/toc/fy0804/2008273394.html |
| 942 |
_aSADA _cBK _k709 GOM 2006 _2ddc |
||
| 999 |
_c353312 _d353312 |
||